Organizational Behaviour 18/e

Saved in:
Bibliographic Details
Main Author: Robbins
Format: Book
Published: Pearson Education
Tags: Add Tag
No Tags, Be the first to tag this record!

MARC

LEADER 00000nam a2200000Ia 4500
005 20260513122053.0
020 |a 9789356064270 
100 |a Robbins 
365 |c Rs. 
365 |b 20.00 
942 |c BK 
245 |a Organizational Behaviour 18/e 
260 |b Pearson Education 
999 |c 94  |d 94 
952 |0 0  |1 0  |4 0  |7 0  |a UNSW  |b UNSW  |d 2026-04-29  |g 1180.00  |i 16669  |l 0  |p 000010  |r 2026-05-13 12:20:53  |v 1180.00  |w 2026-05-13  |y BK 
952 |0 0  |1 0  |4 0  |7 0  |a UNSW  |b UNSW  |d 2026-05-06  |g 1180.00  |i 16683  |l 0  |p 000058  |r 2026-05-13 12:20:53  |v 1180.00  |w 2026-05-13  |y BK